The 1975 - Sex Lyrics - Statistics

General Stats
  • This quiz has been taken 274 times
  • The average score is 207 of 250
Answer Stats
Answer % Correct
a
99%
I
99%
is
99%
it
99%
shoes
98%
shoes?
98%
you
98%
you?
98%
You
98%
And
96%
and
96%
back
96%
got
96%
how
96%
my
96%
of
96%
she
96%
She
96%
starts
96%
this
96%
your
96%
any
95%
anyway
95%
in
95%
so
95%
the
95%
we
95%
boyfriend
94%
just
94%
Take
94%
take
94%
van
94%
She's
93%
it's
92%
no
92%
off
92%
to
92%
looks
91%
on
90%
good
89%
said
89%
shirt
89%
When
89%
when
89%
hanging
87%
about
85%
do
85%
way
85%
say
84%
time
82%
I'm
80%
one
80%
sex
80%
thing
79%
spare
78%
All
77%
all
77%
mine"
77%
he
76%
talk
76%
common
75%
hands
75%
"Use
75%
but
74%
But
74%
we're
74%
oh
73%
tongue
73%
room
72%
We've
72%
Now
71%
fuck
70%
his
70%
well
70%
bed
69%
as
68%
fill
68%
love
68%
out
67%
seem
67%
care
65%
might
65%
skinny
65%
you're
65%
jeans
64%
friend
63%
cool
62%
not
62%
trying
62%
could
61%
Does
61%
down
61%
town
60%
stop
59%
day
58%
drop
58%
face
58%
If
58%
making
58%
before
57%
outside
57%
boyfriends
56%
gonna
56%
high
56%
minutes
56%
Yeah
56%
pierced
55%
tops
55%
anything
54%
funny
54%
still
54%
that
54%
easily
53%
like
53%
They
53%
friends
51%
cause
49%
He's
49%
Or
49%
only
48%
You've
47%
film
43%
saw
43%
fit
42%
I'd
39%
them
38%
backcombs
30%
loved
29%
There's
29%
No matching quizzes found
Score Distribution
Percent of People with Each Score
Percentile by Number Answered
Your Score History
You have not taken this quiz